| 000 | 00906nam a22002897i 4500 | ||
|---|---|---|---|
| 999 |
_c22887 _d22887 |
||
| 003 | AR-CdUCM | ||
| 008 | 240509b20222022 pe||||| |||| 00| 0 spa d | ||
| 020 | _a978-612-49087-0-5 | ||
| 040 |
_aMUNICIPALIDAD PROVINCIAL DEL CUSCO _cBIBLIOTECA MUNICIPAL DEL CUSCO |
||
| 082 |
_a869.51 / E76R _bE76R |
||
| 100 |
_aEscribens Arenas, Javier. _949907 |
||
| 245 | _aResurrexis / | ||
| 260 |
_aCusco : _bCorporación Khipu S.A.C., _c2022 |
||
| 300 |
_a46 páginas. : _c24 cm. |
||
| 650 |
_aResurrexis _949789 |
||
| 650 |
_aEstoy demente _949790 |
||
| 650 |
_aCompartir _949791 |
||
| 650 |
_aPara Luis Hernández _949792 |
||
| 650 |
_aEscribens _949793 |
||
| 650 |
_aEpílogo de algo _949794 |
||
| 650 |
_aHimno por el hombre encadenado _949795 |
||
| 650 |
_aLlanto en día lluvioso _949796 |
||
| 650 |
_aOfrenda _918087 |
||
| 856 | _fwww.khipu.edu.pe | ||
| 942 |
_2ddc _cLIBROS |
||
| 945 |
_apbj _d2024-05-09 |
||